| 000 | 00620nam a2200181Ia 4500 | ||
|---|---|---|---|
| 008 | 140626s9999 xx 000 0 und d | ||
| 100 | _aGrecia, Anthony. | ||
| 245 |
_a" It makes me what I am" : _binterpretative phenomenological investigation of the social emotional world of an adolescent with Asperger's Syndrome / _cAnthony Grecia ... [et al.]. |
||
| 260 | _cc2011. | ||
| 300 | _a44 : 1, page 90 | ||
| 440 | _aPhilippine Journal of Psychology | ||
| 521 | _aPSYCH | ||
| 650 | _aAdolescence. | ||
| 650 | _aAsperger's syndrome. | ||
| 650 | _aIdentity. | ||
| 650 | _aInterpretative phenomenology. | ||
| 942 | _cSE | ||
| 999 |
_c121370 _d121370 |
||